චන්දෙ නොදෙන ගමක් /
Chande nodena gamak
Saved in:
| Main Author: | |
|---|---|
| Other Authors: | |
| Format: | Book |
| Published: |
මත්තෙගොඩ :
සයුරි ප්රින්ටර්ස් ඇන්ඩ් පබ්ලිෂර්ස්,
2025.
|
| Subjects: | |
| Tags: |
Add Tag
No Tags, Be the first to tag this record!
|
MARC
| LEADER | 00000nam a22000007a 4500 | ||
|---|---|---|---|
| 003 | LK-CoNLD | ||
| 005 | 20260422140414.0 | ||
| 008 | 260306b |||||||| |||| 00| 0 ||| d | ||
| 015 | |2 slnb |a slnb202601 | ||
| 017 | |a 506722 |b LK-CoDNA | ||
| 020 | |a 9786245762262 | ||
| 040 | |a LK-CoNLD |b SIN |c LK-CoNLD |d LK-CoNLD | ||
| 082 | |2 23 |q LK-CoNLD |a 894.8112 | ||
| 100 | |a ස්වාමිනාදන්, කෝමාල් |9 92356 | ||
| 245 | |6 880-1 |a චන්දෙ නොදෙන ගමක් / |c කෝමාල් ස්වාමිනන්දන් ; පරිවර්තනය මහින්ද සෙනරත් ගමගේ විසිනි. | ||
| 260 | |a මත්තෙගොඩ : |b සයුරි ප්රින්ටර්ස් ඇන්ඩ් පබ්ලිෂර්ස්, |c 2025. | ||
| 300 | |a පි. 104 ; |c සෙමී. 21. |b මැබැ-බෝක : රු. 500.00 | ||
| 500 | |a "Water water" කෘතියේ පරිවර්තනයකි. | ||
| 650 | 0 | |a Droughts- India- Drama |9 93435 | |
| 650 | 0 | |a Social problems- India- Drama |9 93436 | |
| 650 | 0 | |a Tamil drama- 20th century |9 93437 | |
| 650 | 0 | |a Water resources development-India- Drama |9 93438 | |
| 650 | 0 | |a ජල සම්පත් සංවර්ධනය- ඉන්දියාව- නාට්ය |9 93439 | |
| 650 | 0 | |a දෙමළ නාට්ය- 20 වන සියවස |9 93440 | |
| 650 | 0 | |a දෙමළ නාට්ය- 20 වන සියවස- සිංහල පරිවර්තනය |9 93444 | |
| 650 | 0 | |a නියඟය- ඉන්දියාව- නාට්ය |9 93441 | |
| 650 | 0 | |a සමාජ ගැටලු- ඉන්දියාව- නාට්ය |9 93442 | |
| 700 | |a ගමගේ, මහින්ද සෙනරත් |9 9581 |e පරි. | ||
| 880 | |6 245-1 |a Chande nodena gamak | ||
| 942 | |c TRANSLATIO | ||
| 945 | |a 21991 |b Nadeen WEERAKOON |c 12 |d Thilosha LIYANAGE | ||
| 999 | |c 297821 |d 297821 | ||